000
00290nam a2200109Ia 4500
008
200302s9999 xx 000 0 und d
100
_a
Pratapaditya Pal
245
_a
Jain Art From India - The Peaceful Liberators
260
_b
Thames and Hudson Publishers
260
_c
1996
300
_a
279 P
999
_c
4367
_d
4367